Les présidents de la Vème République - Statistiques

Statistiques générales
  • Ce quiz a été pris 225 fois
  • Le résultat moyen est 8 sur 8
Statistiques - réponses
Mandat Président % Correct
Début en 2017 Emmanuel Macron
99%
2012-2017 François Hollande
99%
1959-1569 Charles de Gaulle
97%
1995-2007 Jacques Chirac
97%
2007-2012 Nicolas Sarkozy
96%
1974-1981 Valéry Giscard d'Estaing
94%
1981-1995 François Mitterrand
92%
1969-1974 Georges Pompidou
87%
Aucun quiz correspondant
Distribution des résultats
% des personnes avec chaque résultat
Percentile par nombre de réponses
Votre historique - résultats
Vous n’avez pas pris ce quiz